| 000 | 00425nam a22001697a 4500 | ||
|---|---|---|---|
| 005 | 20160518145552.0 | ||
| 008 | 160518b xxu||||| |||| 00| 0 eng d | ||
| 020 | _a978-81-203-3203-4 | ||
| 041 | _aeng | ||
| 082 | _b2992 | ||
| 100 |
_aKhanna R.B. _9759 |
||
| 245 | _aProduction and Operations Management | ||
| 260 |
_aNew Delhi _bPHI learning Pvt. Ltd. _c2010 |
||
| 300 | _a519 | ||
| 650 |
_aManagement _9241 |
||
| 942 | _cBK | ||
| 999 |
_c1042 _d1042 |
||